01427 2200421 4500001002100000005001500021035002000036007000300056008004100059020002200100082001600122084001800138100002700156245021200183250003400395300003200429650002200461700002300483700002800506700003500534700002700569700003800596700003400634700002700668700002900695700003400724264003700758336002100795337003000816338002300846040002200869090002200891500001100913850001200924504002500936999002200961990002200983INLIS00000000089419720250311103823 a0010-0325000278ta250311s2024 yoi g 1 ind d a978-623-128-014-504223a297.272 a297.272 MUS i0 aMuslich KS.ePengarang10aIslam, demokrasi dan budaya politik Indonesia /cMuslich KS., Yusdani, Achmad Fausi, Edo Segara Gustanto, Nur Triyono, Januariansyah Arfaizar, M. Khusnul Khuluq, Doni Azhari, Beni Setyawan, Rusdi Rizki Lubis aCetakan pertama: Agustus 2024 axviii, 282 halaman ;c23 cm 4aIslam dan Politik0 aYusdaniePengarang0 aAchmad FausiePengarang0 aEdo Segara GustantoePengarang0 aNur TriyonoePengarang0 aJanuariansyah ArfaizarePengarang1 aKhusnul Khuluq, M.ePengarang0 aDoni AzhariePengarang0 aBeni SetyawanePengarang3 aLubis, Rusdi RizkiePengarang31aSleman :bDiandra Kreatif,c2024 2rdacontentateks 2rdamediaatanpa perantara 2rdacarrieravolume aYOPDYOGbinderda aCB-D.11 2024-5551 aIndeks aYOPDYOG aTermasuk bibliografi aCB-D.11/2024-5551 aCB-D.11/2024-5551